Bridge course in biology : (Record no. 3945)

MARC details
000 -LEADER
fixed length control field 00544nam a2200157 4500
001 - CONTROL NUMBER
control field 4756
005 - DATE AND TIME OF LATEST TRANSACTION
control field 20181127174029.0
090 00 - LOCALLY ASSIGNED LC-TYPE CALL NUMBER (OCLC); LOCAL CALL NUMBER (RLIN)
Classification number (OCLC) (R) ; Classification number, CALL (RLIN) (NR) 333.72 G9818b 2015
245 00 - TITLE STATEMENT
Title Bridge course in biology :
Remainder of title Bsc. environment management /
Statement of responsibility, etc. Compiled by Anupa Thapa Gurung & Nima Wangmo.
Medium
260 00 - PUBLICATION, DISTRIBUTION, ETC.
Place of publication, distribution, etc. Thimphu :
Name of publisher, distributor, etc. Royal Thimphu College,
Date of publication, distribution, etc. 2015.
300 00 - PHYSICAL DESCRIPTION
Extent 197 p. ; 30 cm.
500 ## - GENERAL NOTE
General note ""For BSc Environment Management program use only""
General note ""Royal Thimphu College""
General note Xerographic copy in a binder.
650 00 - SUBJECT ADDED ENTRY--TOPICAL TERM
Topical term or geographic name entry element Environment Science.
General subdivision
Holdings
Withdrawn status Lost status Source of classification or shelving scheme Damaged status Not for loan Collection code Home library Current library Shelving location Date acquired Serial Enumeration / chronology Inventory number Total Checkouts Full call number Barcode Date last seen Price effective from Koha item type
    Dewey Decimal Classification     Fac res RTC Library RTC Library Faculty reserve 23/12/2021 7476   333.72 GUR 30007612 28/02/2022 27/11/2018 Faculty Reserve
    Dewey Decimal Classification     Binding Materials. RTC Library RTC Library CE Textbook 04/01/2023 176159     333.72 GUR c.1 30017266 04/01/2023 04/01/2023 CE Textbook
    Dewey Decimal Classification     Binding Materials. RTC Library RTC Library CE Textbook 04/01/2023 176160     333.72 GUR c.2 30017246 04/01/2023 04/01/2023 CE Textbook
    Dewey Decimal Classification     Binding Materials. RTC Library RTC Library CE Textbook 04/01/2023 176161     333.72 GUR c.3 30017226 04/01/2023 04/01/2023 CE Textbook
Royal Thimphu College || All Right Reserved